Mô Da

Kể về thân thế, cuộc đời, sự nghiệp của nhạc sĩ Môda người Áo (1756-1791) và những năm tháng sáng tạo đầy gian lao

Guardat en:
Dades bibliogràfiques
Autor principal: Bằng Việt
Format: Llibre
Idioma:Undetermined
Publicat: H. Văn Hóa 1987
Matèries:
Accés en línia:http://lrc.tdmu.edu.vn/opac/search/detail.asp?aID=2&ID=41507
Etiquetes: Afegir etiqueta
Sense etiquetes, Sigues el primer a etiquetar aquest registre!
Thư viện lưu trữ: Trung tâm Học liệu Trường Đại học Thủ Dầu Một
LEADER 00796nam a2200193Ia 4500
001 TDMU_41507
008 210410s9999 xx 000 0 und d
082 |a 780.721 
100 |a Bằng Việt 
245 0 |a Mô Da 
245 0 |c Bằng Việt 
260 |a H. 
260 |b Văn Hóa 
260 |c 1987 
300 |a 217tr 
520 |a Kể về thân thế, cuộc đời, sự nghiệp của nhạc sĩ Môda người Áo (1756-1791) và những năm tháng sáng tạo đầy gian lao 
650 |a Văn học cận đại  |z Áo; Âm nhạc  |x Nhạc sĩ  |x Cuộc đời và sự nghiệp  |z Áo 
856 |u http://lrc.tdmu.edu.vn/opac/search/detail.asp?aID=2&ID=41507 
980 |a Trung tâm Học liệu Trường Đại học Thủ Dầu Một